[Event "4NCL/Div1a/BAR2 vs. ADS"]
[Site "Sunningdale ENG"]
[Date "2009.10.24"]
[Round "1.6"]
[White "Swindells, Jonathan E"]
[Black "Dorrington, Chris J"]
[Result "1/2-1/2"]
[WhiteElo "2170"]
[BlackElo "2262"]
[PlyCount "137"]
[EventDate "2009.10.24"]
[SourceDate "2009.10.24"]

1. e4 c5 2. Nc3 e6 3. f4 a6 4. a4 d5 5. d3 Nf6 6. Qe2 Nc6 7. Nf3 b6 8. g3 Nd4
9. Nxd4 cxd4 10. Nd1 dxe4 11. dxe4 Bb7 12. Bg2 Bb4+ 13. c3 d3 14. Qf1 Bc5 15.
b4 Nxe4 16. Bxe4 Bxe4 17. bxc5 Qd5 18. Nf2 Bg2 19. Qxd3 Bxh1 20. Qxd5 Bxd5 21.
cxb6 Rc8 22. Bd2 h5 23. h4 Ke7 24. Nd3 Rhd8 25. Nb4 Bb7 26. a5 Rc4 27. Ke2 f6
28. Nd3 Rd5 29. Nb2 Re4+ 30. Be3 Rb5 31. Nd3 e5 32. fxe5 fxe5 33. Nb4 Rg4 34.
Bf2 e4 35. c4 Re5 36. Bd4 Re6 37. Nd5+ Kd8 38. Nf4 Rc6 39. Rd1 Rxc4 40. Bxg7+
Ke7 41. Nxh5 Rc5 42. Bf6+ Ke6 43. Bg5 Rxa5 44. Ng7+ Ke5 45. Bf4+ Kf6 46. Ne8+
Ke6 47. Nd6 Rg7 48. Nxb7 Rxb7 49. Bc7 Ra3 50. Rd4 Kf5 51. Rd5+ Kf6 52. g4 a5
53. h5 a4 54. Rd6+ Kf7 55. Rd7+ Ke6 56. Rd4 Ra2+ 57. Ke3 a3 58. Rxe4+ Kd5 59.
Ra4 Ra1 60. Kf4 a2 61. Kg5 Ke6 62. Kg6 Rg1 63. g5 a1=Q 64. Rxa1 Rxa1 65. h6 Rg1
66. h7 Rh1 67. Kg7 Kf5 68. g6 Rh4 69. h8=Q 1/2-1/2

[Event "4NCL/Div1a/BAR2 vs. ADS"]
[Site "Sunningdale ENG"]
[Date "2009.10.24"]
[Round "1.8"]
[White "Daley, Eugene"]
[Black "Smith, Lucy K"]
[Result "1-0"]
[WhiteElo "1736"]
[BlackElo "1722"]
[PlyCount "67"]
[EventDate "2009.10.24"]
[SourceDate "2009.10.24"]

1. e4 c5 2. Nf3 d6 3. d4 cxd4 4. Nxd4 a6 5. Nc3 Nf6 6. Bg5 e6 7. f4 Be7 8. Qf3
Nfd7 9. Bxe7 Qxe7 10. O-O-O Nc6 11. Qg3 O-O 12. f5 Nce5 13. Be2 Nf6 14. Rhf1
Rd8 15. Qh4 Kf8 16. g4 h6 17. Qg3 Nc6 18. h4 exf5 19. exf5 Qe5 20. Qxe5 Nxe5
21. g5 Nh7 22. Rg1 Nc6 23. Nxc6 bxc6 24. Bd3 hxg5 25. hxg5 f6 26. g6 Ng5 27.
Rh1 Ke7 28. Rhe1+ Kf8 29. Rh1 Ke7 30. Rhe1+ Kf8 31. Re2 d5 32. Rh1 Ne4 33. Nxe4
dxe4 34. Rh8+ 1-0

[Event "4NCL/Div1a/PAP vs. CAMB1"]
[Site "Sunningdale ENG"]
[Date "2009.10.24"]
[Round "1.8"]
[White "Kourtseva, Julie"]
[Black "Auckland, Elliott"]
[Result "0-1"]
[WhiteElo "1706"]
[BlackElo "2010"]
[PlyCount "86"]
[EventDate "2009.10.24"]
[SourceDate "2009.10.24"]

1. c4 Nf6 2. Nc3 g6 3. g3 Bg7 4. Bg2 c5 5. Nf3 O-O 6. O-O d5 7. cxd5 Nxd5 8.
Nxd5 Qxd5 9. a3 Nc6 10. d3 Rd8 11. Rb1 c4 12. Nd2 Qh5 13. Nxc4 Nd4 14. Re1 Be6
15. Nd2 Bg4 16. f3 Bh3 17. Bxh3 Qxh3 18. Ne4 Rd5 19. Nf2 Qh5 20. Bd2 Re5 21. g4
Qh4 22. Bf4 Nf5 23. Qd2 Nh6 24. Bg3 Qf6 25. Bxe5 Qxe5 26. Ne4 f5 27. gxf5 gxf5
28. Ng3 f4 29. Ne4 Nf5 30. Qc3 Nd4 31. Qc5 Qe6 32. Qc4 Qxc4 33. dxc4 Kh8 34.
Kf2 Nc2 35. Rec1 Bd4+ 36. Kg2 Ne3+ 37. Kh3 Rc8 38. Nd2 Rc6 39. Kh4 Rg6 40. Nf1
Bf6+ 41. Kh5 Rg5+ 42. Kh4 Rg3+ 43. Kh5 Rh3# 0-1

[Event "4NCL/Div1a/PAP vs. OXF1"]
[Site "Hinckley Island ENG"]
[Date "2010.01.16"]
[Round "3.7"]
[White "Hunt, Harriet V"]
[Black "Burt, William"]
[Result "1-0"]
[WhiteElo "2452"]
[BlackElo "2162"]
[PlyCount "55"]
[EventDate "2010.01.16"]
[SourceDate "2009.10.24"]

1. e4 e5 2. Nf3 Nc6 3. Bb5 a6 4. Ba4 Nf6 5. O-O Nxe4 6. d4 b5 7. Bb3 d5 8. dxe5
Be6 9. Nbd2 Nc5 10. c3 Nxb3 11. Nxb3 Be7 12. h3 O-O 13. Re1 Qd7 14. Bg5 h6 15.
Bxe7 Qxe7 16. Qd3 Rfb8 17. Rad1 Nd8 18. Qe3 a5 19. Nc5 Nb7 20. Nxe6 fxe6 21.
Rd4 Nc5 22. Rg4 Kh7 23. Nd4 Rb6 24. Qe2 b4 25. c4 c6 26. Rc1 Ra7 27. Qc2+ Kh8
28. cxd5 1-0

[Event "4NCL/Div1a/PAP vs. OXF1"]
[Site "Hinckley Island ENG"]
[Date "2010.01.16"]
[Round "3.8"]
[White "Nitz, Tomos"]
[Black "Auckland, Elliott"]
[Result "0-1"]
[WhiteElo "2090"]
[BlackElo "2010"]
[PlyCount "98"]
[EventDate "2010.01.16"]
[SourceDate "2009.10.24"]

1. e4 c5 2. d3 e6 3. g3 d5 4. Nd2 Nf6 5. Bg2 Be7 6. Ne2 Nc6 7. O-O O-O 8. c3
Qc7 9. Nf4 Rd8 10. Re1 b6 11. exd5 exd5 12. c4 dxc4 13. Rxe7 Qxe7 14. Bxc6 Bg4
15. f3 Rac8 16. fxg4 Rxc6 17. Nxc4 b5 18. Ne3 c4 19. Qf3 Qc5 20. Bd2 g5 21.
Nfg2 Rxd3 22. Bb4 Qb6 23. Rf1 Re6 24. Kh1 Qc6 25. Qxc6 Rxc6 26. Nf5 Nd5 27.
Ne7+ Nxe7 28. Bxe7 Rd2 29. Bxg5 Rxb2 30. Ne3 c3 31. Nf5 Re6 32. Nh6+ Kf8 33.
Nxf7 Ke8 34. Bc1 Rbe2 35. Ba3 Re1 36. Nd6+ Kd7 37. Rxe1 Rxe1+ 38. Kg2 c2 39.
Nxb5 Ra1 40. Nc3 c1=Q 41. Bxc1 Rxc1 42. Nb5 Rc2+ 43. Kf3 Rxa2 44. h4 a5 45. g5
Rb2 46. Nd4 a4 47. h5 a3 48. g6 hxg6 49. h6 Rh2 0-1

[Event "4NCL/Div1a/JUTK vs. ADS"]
[Site "Hinckley Island ENG"]
[Date "2010.01.16"]
[Round "3.6"]
[White "Swindells, Jonathan E"]
[Black "Donovan, Nigel P"]
[Result "1-0"]
[WhiteElo "2170"]
[BlackElo "2059"]
[PlyCount "65"]
[EventDate "2010.01.16"]
[SourceDate "2009.10.24"]

1. e4 c5 2. Nc3 Nc6 3. f4 g6 4. Nf3 Bg7 5. Bc4 e6 6. O-O Nge7 7. d3 O-O 8. a4
b6 9. Qe1 Nd4 10. Nxd4 cxd4 11. Nd1 d5 12. Bb3 dxe4 13. dxe4 Bb7 14. Rf3 Nc6
15. Bd2 Rc8 16. Nf2 Qe7 17. Rh3 Rfd8 18. Nd3 Na5 19. Bb4 Qc7 20. Qh4 h6 21.
Bxa5 bxa5 22. Re1 Re8 23. Qg4 Kh7 24. Rg3 h5 25. Qh3 f5 26. exf5 exf5 27. Be6
Rcd8 28. Rxg6 Kxg6 29. Qxf5+ Kh6 30. Qg5+ Kh7 31. Qxh5+ Bh6 32. Bf5+ Kg7 33.
Rxe8 1-0

[Event "4NCL/Div1a/JUTK vs. ADS"]
[Site "Hinckley Island ENG"]
[Date "2010.01.16"]
[Round "3.8"]
[White "Ray, Bill"]
[Black "Wilson, Alexandra"]
[Result "1/2-1/2"]
[WhiteElo "1930"]
[BlackElo "2083"]
[PlyCount "99"]
[EventDate "2010.01.16"]
[SourceDate "2009.10.24"]

1. e4 e6 2. d4 d5 3. e5 c5 4. c3 Nc6 5. Nf3 Bd7 6. Be2 Nge7 7. O-O Nf5 8. Be3
Be7 9. Nbd2 O-O 10. Nb3 c4 11. Nc1 b5 12. Bd2 b4 13. g4 Nh4 14. Nxh4 Bxh4 15.
f4 f6 16. exf6 Bxf6 17. g5 Be7 18. Bg4 Bd6 19. Qe1 Qe7 20. Ne2 bxc3 21. bxc3
Rab8 22. Rb1 Rxb1 23. Qxb1 g6 24. h3 Qg7 25. Qc2 Rb8 26. Rb1 Qf8 27. Kg2 Ne7
28. Rxb8 Qxb8 29. Bc1 a5 30. Kf3 a4 31. Ng3 Nf5 32. Bxf5 exf5 33. a3 Kf7 34.
Qb2 Bxf4 35. Qxb8 Bxb8 36. Bf4 Ba7 37. h4 Bb6 38. Ke3 Bd8 39. Kf3 Be7 40. Bc1
h6 41. Ne2 hxg5 42. hxg5 Bc6 43. Kf4 Ke6 44. Ng1 Bd6+ 45. Kf3 Be7 46. Nh3 Kf7
47. Kf4 Bd6+ 48. Kf3 Be7 49. Kf4 Bd6+ 50. Kf3 1/2-1/2

[Event "4NCL/Div1a/ADS vs. GUI2"]
[Site "Hinckley Island ENG"]
[Date "2010.01.17"]
[Round "4.2"]
[White "Anderton, Matthew N"]
[Black "Swindells, Jonathan E"]
[Result "1/2-1/2"]
[WhiteElo "2232"]
[BlackElo "2170"]
[PlyCount "88"]
[EventDate "2010.01.17"]
[SourceDate "2009.10.24"]

1. e4 e5 2. Nf3 Nc6 3. Bb5 g6 4. d4 exd4 5. Nxd4 Bg7 6. Nxc6 bxc6 7. Bc4 Ne7 8.
Nc3 Bb7 9. O-O Nc8 10. Bf4 O-O 11. Re1 Nb6 12. Bd3 d6 13. Qd2 Re8 14. Rad1 Qc8
15. h3 a5 16. Qe3 a4 17. a3 Nd5 18. Qd2 Nxf4 19. Qxf4 Ba6 20. Qd2 Qb7 21. Rb1
Bxd3 22. Qxd3 Qa6 23. Qxa6 Rxa6 24. Kf1 Kf8 25. f3 Ke7 26. Ke2 Bxc3 27. bxc3
Kd7 28. Kd3 c5 29. Rb5 Kc6 30. Reb1 Rb6 31. Rxb6+ cxb6 32. c4 f5 33. g4 fxe4+
34. fxe4 Rf8 35. Ke3 g5 36. Rd1 h6 37. Ke2 Rf6 38. Ke3 b5 39. cxb5+ Kxb5 40.
Rd5 Kc4 41. Rd3 Re6 42. Kf3 Rg6 43. Ke2 Re6 44. Kf3 Rf6+ 1/2-1/2

[Event "4NCL/Div1a/ADS vs. GUI2"]
[Site "Hinckley Island ENG"]
[Date "2010.01.17"]
[Round "4.7"]
[White "Patel, Ravi"]
[Black "Stimpson, Philip M"]
[Result "0-1"]
[WhiteElo "1698"]
[BlackElo "2085"]
[PlyCount "88"]
[EventDate "2010.01.17"]
[SourceDate "2009.10.24"]

1. d4 Nf6 2. c4 e5 3. dxe5 Ng4 4. Nf3 Nc6 5. Nc3 Ngxe5 6. Nxe5 Nxe5 7. e3 d6 8.
Be2 g6 9. O-O Bg7 10. Bd2 O-O 11. Rc1 b6 12. Nd5 Bb7 13. Bc3 c6 14. Nb4 Qe7 15.
b3 f5 16. Nd3 Rad8 17. Qc2 Rfe8 18. Rfe1 Qh4 19. Rcd1 c5 20. Nxe5 Bxe5 21. Bxe5
dxe5 22. g3 Qf6 23. Bf1 Qc6 24. e4 fxe4 25. Bg2 Rd4 26. Re3 Qd7 27. Rde1 Rd2
28. Qb1 Rf8 29. R3e2 Qd4 30. Rxd2 Qxd2 31. Qd1 Rxf2 32. Qxd2 Rxd2 33. Bxe4 Bxe4
34. Rxe4 Kf7 35. Rxe5 Kf6 36. Re3 Rxa2 37. h3 h5 38. Kh1 a5 39. Kg1 a4 40. bxa4
Rxa4 41. Rc3 Ke5 42. Kf2 Ke4 43. Rb3 Rb4 44. Rxb4 cxb4 0-1

[Event "4NCL/Div1a/OXF1 vs. CAMB1"]
[Site "Hinckley Island ENG"]
[Date "2010.01.17"]
[Round "4.8"]
[White "Chevannes, Sabrina L"]
[Black "Nitz, Tomos"]
[Result "1/2-1/2"]
[WhiteElo "2062"]
[BlackElo "2090"]
[PlyCount "48"]
[EventDate "2010.01.17"]
[SourceDate "2009.10.24"]

1. d4 d5 2. Nf3 Nc6 3. Bf4 Bg4 4. e3 e6 5. Be2 Nf6 6. O-O Bd6 7. Bxd6 Qxd6 8.
Nbd2 O-O 9. c4 Rad8 10. h3 Bxf3 11. Nxf3 e5 12. dxe5 Nxe5 13. cxd5 Nxd5 14. Qb3
Nb6 15. Rfd1 Qe7 16. a4 a5 17. Rac1 Nc6 18. Bb5 Nb4 19. Rd4 c6 20. Bf1 Nd7 21.
Qc4 Nb6 22. Qb3 Nd7 23. Qc4 Nb6 24. Qb3 Nd7 1/2-1/2

[Event "4NCL/Div1a/CAMB1 vs. GUI2"]
[Site "Hinckley Island ENG"]
[Date "2010.02.20"]
[Round "5.8"]
[White "Shepherd, Katherine M"]
[Black "Chevannes, Sabrina L"]
[Result "0-1"]
[WhiteElo "1698"]
[BlackElo "2022"]
[PlyCount "80"]
[EventDate "2010.02.20"]
[SourceDate "2009.10.24"]

1. d4 d5 2. Nf3 c5 3. c3 Nc6 4. Bf4 Nf6 5. e3 Qb6 6. Qb3 c4 7. Qc2 Bf5 8. Qc1
h6 9. h3 e6 10. Nbd2 Be7 11. Be2 O-O 12. O-O Rfc8 13. b3 cxb3 14. Nxb3 Nb4 15.
Nc5 Bxc5 16. dxc5 Rxc5 17. e4 dxe4 18. Be3 exf3 19. Bxf3 Nbd5 20. Bxc5 Qxc5 21.
Qb2 Rb8 22. Rac1 Nf4 23. Qb3 Ne4 24. Qa4 b5 25. Qd1 Nxf2 26. Qd4 N2d3 27. Qxc5
Nxc5 28. Bc6 Ne2+ 29. Kh2 Nxc1 30. Rxc1 Nd3 31. Rd1 a6 32. Rd2 Kf8 33. Kg3 Ke7
34. Kh2 Ne5 35. Bf3 Nxf3+ 36. gxf3 Rc8 37. Rg2 Kf6 38. h4 Rxc3 39. Kg3 e5 40.
Kf2 Rc2+ 0-1

[Event "4NCL/Div1a/OXF1 vs. ADS"]
[Site "Hinckley Island ENG"]
[Date "2010.02.20"]
[Round "5.6"]
[White "Swindells, Jonathan E"]
[Black "Smallbone, Kieran D"]
[Result "1/2-1/2"]
[WhiteElo "2170"]
[BlackElo "2218"]
[PlyCount "45"]
[EventDate "2010.02.20"]
[SourceDate "2009.10.24"]

1. e4 d6 2. Nc3 Nf6 3. f4 Bg4 4. Nf3 e6 5. h3 Bxf3 6. Qxf3 d5 7. Bb5+ c6 8. Be2
Bb4 9. e5 Nfd7 10. a3 Be7 11. O-O c5 12. Qg3 g6 13. Bf3 Nc6 14. Ne2 Qb6 15. Qf2
O-O-O 16. d3 g5 17. c4 dxc4 18. dxc4 gxf4 19. Bxc6 Qxc6 20. Bxf4 Qe4 21. Rac1
Rhg8 22. Qf3 Qxf3 23. Rxf3 1/2-1/2

[Event "4NCL/Div1a/OXF1 vs. ADS"]
[Site "Hinckley Island ENG"]
[Date "2010.02.20"]
[Round "5.8"]
[White "Daley, Eugene"]
[Black "Nitz, Tomos"]
[Result "1-0"]
[WhiteElo "1782"]
[BlackElo "2090"]
[PlyCount "107"]
[EventDate "2010.02.20"]
[SourceDate "2009.10.24"]

1. c4 e6 2. g3 d5 3. Bg2 c6 4. Nf3 Nf6 5. O-O Nbd7 6. d4 Be7 7. Qc2 O-O 8. Rd1
Re8 9. b3 Bf8 10. Bb2 b6 11. Ne5 Nxe5 12. dxe5 Nd7 13. cxd5 cxd5 14. e4 Ba6 15.
exd5 Rc8 16. Qd2 exd5 17. Bxd5 Nxe5 18. Qf4 Qf6 19. Qxf6 gxf6 20. Nd2 Rc2 21.
Ne4 Be7 22. Rab1 Rd8 23. a4 Rxd5 24. Rxd5 Bb7 25. Nxf6+ Bxf6 26. Bxe5 Bxd5 27.
Bxf6 Rc6 28. Rd1 Rxf6 29. Rxd5 Rf3 30. b4 Rb3 31. Rd7 Rxb4 32. Rxa7 b5 33. a5
Rb1+ 34. Kg2 b4 35. Rb7 Ra1 36. Rxb4 Rxa5 37. Rb6 Ra3 38. g4 Kg7 39. g5 Rc3 40.
h4 Rc4 41. Kg3 Rc5 42. Kg4 Rc4+ 43. f4 Ra4 44. h5 Ra8 45. h6+ Kg8 46. Kf5 Kf8
47. Kf6 Kg8 48. f5 Rc8 49. Rb7 Rc6+ 50. Ke7 Rc8 51. Rd7 Ra8 52. Rd8+ Rxd8 53.
Kxd8 f6 54. Ke7 1-0

[Event "4NCL/Div1a/GUI2 vs. WGHK1"]
[Site "Hinckley Island ENG"]
[Date "2010.02.21"]
[Round "6.8"]
[White "Tiller, Bjorn"]
[Black "Shepherd, Katherine M"]
[Result "1/2-1/2"]
[WhiteElo "2378"]
[BlackElo "1698"]
[PlyCount "40"]
[EventDate "2010.02.21"]
[SourceDate "2009.10.24"]

1. e4 e6 2. d3 d5 3. Nd2 Nf6 4. f4 c5 5. Ngf3 Nc6 6. g3 b6 7. Bg2 Bb7 8. O-O
Be7 9. Re1 Qc7 10. a3 O-O-O 11. e5 Nd7 12. c4 dxc4 13. dxc4 Nf8 14. Qe2 Na5 15.
Ne4 Ba6 16. Nfd2 Qd7 17. Kh1 Qd4 18. Rb1 Bxc4 19. Nxc4 Qxc4 20. Qf3 Qd5 1/2-1/2

[Event "4NCL/Div1a/ADS vs. PAP"]
[Site "Hinckley Island ENG"]
[Date "2010.02.21"]
[Round "6.6"]
[White "Kilpatrick, Callum"]
[Black "Swindells, Jonathan E"]
[Result "1-0"]
[WhiteElo "2260"]
[BlackElo "2170"]
[PlyCount "139"]
[EventDate "2010.02.21"]
[SourceDate "2009.10.24"]

1. e4 e5 2. Nf3 Nc6 3. Bb5 g6 4. O-O Bg7 5. c3 d6 6. d4 Bd7 7. dxe5 Nxe5 8.
Nxe5 dxe5 9. Qb3 Rb8 10. Rd1 c6 11. Bc4 Qe7 12. Bxf7+ Qxf7 13. Qxf7+ Kxf7 14.
Rxd7+ Kf8 15. Be3 Nf6 16. Rc7 Ne8 17. Rd7 Nf6 18. Rd1 Nxe4 19. Bxa7 Ra8 20. Bb6
Nf6 21. Nd2 Kf7 22. Nf3 Nd5 23. Ng5+ Kf6 24. Ne4+ Kf5 25. Ng3+ Ke6 26. Be3 Nxe3
27. fxe3 Rhf8 28. Ne4 Bh6 29. Rd3 Rfd8 30. Nc5+ Ke7 31. Kf2 b6 32. Rxd8 Rxd8
33. Ne4 Rd3 34. Re1 Ke6 35. Kf3 Kd5 36. Nf6+ Ke6 37. Ng4 Bg5 38. Nf2 Rd8 39.
Ne4 Be7 40. Ke2 Bh4 41. Rd1 Rxd1 42. Kxd1 Kd5 43. Nd2 e4 44. c4+ Ke5 45. Nb1 h5
46. Nc3 Bf6 47. Kd2 g5 48. Ne2 b5 49. cxb5 cxb5 50. a3 g4 51. Nc3 Kf5 52. b3
Be5 53. h3 gxh3 54. gxh3 Kg5 55. Nxe4+ Kh4 56. Nf2 Kg3 57. Ke2 Kg2 58. a4 bxa4
59. bxa4 Bg3 60. a5 Bc7 61. a6 Bb6 62. e4 Bxf2 63. e5 Bc5 64. e6 Kxh3 65. Kf3
Kh4 66. a7 Bxa7 67. e7 Bb8 68. e8=Q Bh2 69. Qe7+ Kh3 70. Qg5 1-0

[Event "4NCL/Div1a/JUTK vs. OXF1"]
[Site "Hinckley Island ENG"]
[Date "2010.02.21"]
[Round "6.8"]
[White "Nitz, Tomos"]
[Black "Rice, Chris B"]
[Result "1-0"]
[WhiteElo "2090"]
[BlackElo "2082"]
[PlyCount "73"]
[EventDate "2010.02.21"]
[SourceDate "2009.10.24"]

1. e4 e6 2. d4 d5 3. Nd2 a6 4. Ngf3 Nf6 5. e5 Nfd7 6. Bd3 c5 7. c3 Nc6 8. b3 f6
9. Ng5 Ndxe5 10. dxe5 Nxe5 11. Qh5+ Kd7 12. Be2 fxg5 13. Nf3 Nxf3+ 14. Bxf3 Be7
15. O-O Kc7 16. c4 d4 17. Bd2 Kb8 18. Rfe1 Bf6 19. Qg4 e5 20. Qe4 Qe7 21. b4
cxb4 22. Rab1 a5 23. a3 g6 24. g4 Qc7 25. axb4 a4 26. b5 Rd8 27. b6 Qc6 28. Qd3
Qd7 29. c5 Qf7 30. c6 bxc6 31. b7 Bxb7 32. Rxb7+ Kxb7 33. Qb5+ Kc8 34. Qxc6+
Qc7 35. Qxa8+ Kd7 36. Qxa4+ Ke7 37. Ba5 1-0

[Event "4NCL/Div1a/JUTK vs. WGHK1"]
[Site "Staverton Park ENG"]
[Date "2010.03.27"]
[Round "7.8"]
[White "Hanley, Craig A"]
[Black "Donovan, Nigel P"]
[Result "1-0"]
[WhiteElo "2429"]
[BlackElo "2042"]
[PlyCount "47"]
[EventDate "2010.03.27"]
[SourceDate "2009.10.24"]

1. e4 c5 2. Nf3 d6 3. d4 cxd4 4. Nxd4 Nf6 5. Nc3 e6 6. Be2 Be7 7. O-O O-O 8.
Be3 a6 9. a4 Nc6 10. f4 Qc7 11. Qe1 Nxd4 12. Bxd4 e5 13. fxe5 dxe5 14. Qg3 Bc5
15. Bxc5 Qxc5+ 16. Kh1 Kh8 17. Rxf6 gxf6 18. Nd5 f5 19. Nf6 fxe4 20. Rf1 e3 21.
c3 e4 22. Nxe4 Qd5 23. Nf6 Qd2 24. Nh5 1-0

[Event "4NCL/Div1a/OXF1 vs. GUI2"]
[Site "Staverton Park ENG"]
[Date "2010.03.27"]
[Round "7.3"]
[White "Shaw, David A"]
[Black "Taylor, Dale C"]
[Result "1-0"]
[WhiteElo "2241"]
[BlackElo "2122"]
[PlyCount "63"]
[EventDate "2010.03.27"]
[SourceDate "2009.10.24"]

1. e4 c5 2. Nf3 Nc6 3. d4 cxd4 4. Nxd4 Nf6 5. Nc3 e5 6. Ndb5 d6 7. Bg5 a6 8.
Na3 b5 9. Bxf6 gxf6 10. Nd5 f5 11. c3 Bg7 12. exf5 Bxf5 13. Nc2 Be6 14. Nce3
O-O 15. Bd3 f5 16. Bc2 Ne7 17. Nxe7+ Qxe7 18. Bxf5 Bxf5 19. Nxf5 Qf6 20. g4
Rad8 21. Qd5+ Kh8 22. h3 Bh6 23. a4 Bf4 24. axb5 axb5 25. Ra6 e4 26. O-O Rde8
27. Rfa1 Re5 28. Qd4 e3 29. Qxf4 e2 30. Re1 Qg6 31. Kh1 Qe6 32. Qd4 1-0

[Event "4NCL/Div1a/OXF1 vs. GUI2"]
[Site "Staverton Park ENG"]
[Date "2010.03.27"]
[Round "7.8"]
[White "Shepherd, Katherine M"]
[Black "Nitz, Tomos"]
[Result "1/2-1/2"]
[WhiteElo "1698"]
[BlackElo "2090"]
[PlyCount "50"]
[EventDate "2010.03.27"]
[SourceDate "2009.10.24"]

1. d4 f5 2. Nf3 Nf6 3. Bf4 g6 4. e3 Bg7 5. Be2 O-O 6. O-O d6 7. h3 Nc6 8. c4
Ne4 9. Qb3 e5 10. dxe5 dxe5 11. Rd1 Qe7 12. Bh2 f4 13. Nbd2 Nxf2 14. Kxf2 e4
15. Nxe4 Qxe4 16. Bxf4 Qe7 17. Rd2 g5 18. Bh2 g4 19. hxg4 Ne5 20. Kg1 Nxg4 21.
Bf4 Rxf4 22. exf4 Qc5+ 23. Kh1 Qh5+ 24. Kg1 Qc5+ 25. Kh1 Qh5+ 1/2-1/2

[Event "4NCL/Div1a/CAMB1 vs. ADS"]
[Site "Staverton Park ENG"]
[Date "2010.03.27"]
[Round "7.4"]
[White "Swindells, Jonathan E"]
[Black "Bisby, Daniel L"]
[Result "0-1"]
[WhiteElo "2170"]
[BlackElo "2297"]
[PlyCount "50"]
[EventDate "2010.03.27"]
[SourceDate "2009.10.24"]

1. e4 c5 2. Nc3 a6 3. a4 e6 4. Bc4 Nf6 5. Qe2 Nc6 6. Nf3 Nd4 7. Nxd4 cxd4 8.
Nd1 d5 9. exd5 Nxd5 10. Qf3 Nb4 11. Bb3 Qc7 12. c3 Qe5+ 13. Qe2 Nd3+ 14. Kf1
Qxe2+ 15. Kxe2 Nf4+ 16. Kf3 Bd6 17. cxd4 Bd7 18. d5 O-O 19. d4 Nxd5 20. Bxd5
exd5 21. Bd2 Rac8 22. Bc3 f5 23. Ne3 f4 24. Nf1 Rce8 25. Nd2 g5 0-1

[Event "4NCL/Div1a/CAMB1 vs. ADS"]
[Site "Staverton Park ENG"]
[Date "2010.03.27"]
[Round "7.6"]
[White "Bellin, Jana"]
[Black "Chan, Nevil"]
[Result "1/2-1/2"]
[WhiteElo "2151"]
[BlackElo "2098"]
[PlyCount "71"]
[EventDate "2010.03.27"]
[SourceDate "2009.10.24"]

1. d4 Nc6 2. Nf3 d5 3. Bf4 Bg4 4. Nbd2 e6 5. h3 Bh5 6. e3 Bd6 7. c3 Nf6 8. Be2
O-O 9. O-O Ne4 10. Nxe4 dxe4 11. Ng5 Bg6 12. f3 e5 13. dxe5 Nxe5 14. Nxe4 Bxe4
15. fxe4 Qe7 16. Qb3 c6 17. Rad1 Rad8 18. a4 Kh8 19. Rd4 f6 20. Rfd1 b6 21. Kh1
g5 22. Bh2 Kg7 23. Bg4 Nxg4 24. Bxd6 Rxd6 25. Rxd6 Nf2+ 26. Kg1 Nxd1 27. Qxd1
Qxe4 28. Qd4 Qe8 29. a5 c5 30. Rd7+ Rf7 31. Rxf7+ Qxf7 32. Qd6 Qb7 33. axb6
axb6 34. Qe6 Qc7 35. Kf2 h6 36. Qd5 1/2-1/2

[Event "4NCL/Div1a/CAMB1 vs. ADS"]
[Site "Staverton Park ENG"]
[Date "2010.03.27"]
[Round "7.8"]
[White "Bellin, Christopher J"]
[Black "Chevannes, Sabrina L"]
[Result "1-0"]
[WhiteElo "1922"]
[BlackElo "2022"]
[PlyCount "79"]
[EventDate "2010.03.27"]
[SourceDate "2009.10.24"]

1. e4 c6 2. d4 d5 3. Nc3 g6 4. Be3 Bg7 5. Nf3 Bg4 6. h3 Bxf3 7. Qxf3 e6 8. Rd1
a6 9. Be2 Ne7 10. e5 c5 11. dxc5 Nbc6 12. Bg5 Qa5 13. Bf6 O-O 14. Bxg7 Kxg7 15.
Qf6+ Kg8 16. O-O Qxc5 17. Bd3 b5 18. Rfe1 Nc8 19. a3 Nb6 20. h4 Nd7 21. Qf4 d4
22. Ne2 Rad8 23. b4 Qb6 24. Ng3 Qb8 25. h5 Ndxe5 26. Ne4 f5 27. Nc5 Nxd3 28.
Nxd3 Rfe8 29. hxg6 hxg6 30. Qh6 Qc7 31. Qxg6+ Qg7 32. Rxe6 Ne7 33. Qxg7+ Kxg7
34. Rde1 Kf7 35. Nf4 Rc8 36. R1e2 Kf8 37. Rf6+ Kg7 38. Nh5+ Kh7 39. Rfe6 Rc7
40. Nf6+ 1-0

[Event "4NCL/Div1b/PANDG vs. GUI1"]
[Site "Sunningdale ENG"]
[Date "2009.10.24"]
[Round "1.2"]
[White "King, Daniel J"]
[Black "Stockwell, Mark B"]
[Result "1-0"]
[WhiteElo "2494"]
[BlackElo "2242"]
[PlyCount "51"]
[EventDate "2009.10.24"]
[SourceDate "2009.10.24"]

1. e4 c5 2. Nf3 e6 3. c3 Nf6 4. e5 Nd5 5. d4 cxd4 6. cxd4 d6 7. Bc4 Nc6 8. O-O
Be7 9. exd6 Qxd6 10. Nc3 O-O 11. Re1 Rd8 12. Bb3 Bd7 13. a3 Rac8 14. Qd3 Nxc3
15. bxc3 Na5 16. Ba2 Qc7 17. Bg5 Bc6 18. Bxe7 Qxe7 19. Ne5 Rd6 20. Re3 Be8 21.
Rae1 Qd8 22. Rh3 g6 23. Qe3 Qe7 24. Ng4 Nc4 25. Bxc4 Rxc4 26. Qe5 1-0

[Event "4NCL/Div1b/PANDG vs. GUI1"]
[Site "Sunningdale ENG"]
[Date "2009.10.24"]
[Round "1.7"]
[White "Milson, Samuel A"]
[Black "Lalic, Susan K"]
[Result "0-1"]
[WhiteElo "1994"]
[BlackElo "2310"]
[PlyCount "94"]
[EventDate "2009.10.24"]
[SourceDate "2009.10.24"]

1. e4 c6 2. d4 d5 3. e5 c5 4. c3 Nc6 5. Nf3 Bg4 6. Nbd2 e6 7. a3 cxd4 8. cxd4
Qb6 9. h3 Bh5 10. Qa4 Nge7 11. Bd3 Bg6 12. Bxg6 Nxg6 13. Nb3 Be7 14. Bd2 O-O
15. O-O Nh4 16. Nxh4 Bxh4 17. Bc3 Be7 18. Nd2 a5 19. Nf3 Qa6 20. Qd1 a4 21. Nd2
Rfc8 22. f4 g6 23. Qg4 Na7 24. f5 exf5 25. Rxf5 Nb5 26. Rf3 Nxc3 27. bxc3 Qe6
28. Qg3 Rc7 29. c4 dxc4 30. Ne4 Rac8 31. Qf4 c3 32. Nf6+ Bxf6 33. exf6 c2 34.
Rc1 Qe8 35. Re3 Qf8 36. d5 Rd7 37. Qe4 h6 38. Rd3 Qd6 39. Qxa4 Qb6+ 40. Kh1 Rd6
41. Rc3 Rcd8 42. R3xc2 Rxd5 43. Qf4 Rd1+ 44. Rxd1 Rxd1+ 45. Kh2 Qg1+ 46. Kg3
Rd3+ 47. Kg4 Rd4 0-1

[Event "4NCL/Div1b/PANDG vs. GUI1"]
[Site "Sunningdale ENG"]
[Date "2009.10.24"]
[Round "1.8"]
[White "Anderton, Matthew N"]
[Black "Milson, Amy F"]
[Result "1-0"]
[WhiteElo "2232"]
[BlackElo "1602"]
[PlyCount "93"]
[EventDate "2009.10.24"]
[SourceDate "2009.10.24"]

1. e4 c5 2. c3 Nf6 3. e5 Nd5 4. Nf3 Nc6 5. Bc4 Nb6 6. Bb3 g6 7. d4 c4 8. Bc2 d5
9. h3 Be6 10. Nbd2 h6 11. O-O Bg7 12. Re1 Qd7 13. Nf1 O-O-O 14. Ne3 g5 15. Nh2
f6 16. exf6 exf6 17. Qf3 Kb8 18. Nf5 Rhe8 19. Bd2 Ka8 20. Nf1 Nc8 21. N1g3 Nd6
22. Nxd6 Qxd6 23. Bg6 Re7 24. Nf5 Bxf5 25. Qxf5 Rxe1+ 26. Rxe1 Ne7 27. Qc2 Qd7
28. Bf7 Nc6 29. Qg6 Bh8 30. Be8 Ne7 31. Bxd7 Nxg6 32. Be8 Nh4 33. Bf7 a6 34.
Bxd5 Rxd5 35. Re8+ Ka7 36. Rxh8 Nf5 37. Rc8 b5 38. Rf8 Rd6 39. Kf1 Re6 40. g4
Nd6 41. Be3 Kb7 42. d5 Re7 43. Rxf6 Nf7 44. Rb6+ Kc7 45. Rxa6 Kd8 46. Rb6 Nd6
47. Rxd6+ 1-0

[Event "4NCL/Div1b/WRO1 vs. PPA1"]
[Site "Sunningdale ENG"]
[Date "2009.10.24"]
[Round "1.6"]
[White "Richter, Hans S"]
[Black "Adams, David M"]
[Result "1-0"]
[WhiteElo "2180"]
[BlackElo "2217"]
[PlyCount "83"]
[EventDate "2009.10.24"]
[SourceDate "2009.10.24"]

1. d4 d5 2. c4 c6 3. Nf3 Nf6 4. Nc3 dxc4 5. a4 Bf5 6. Ne5 Nbd7 7. Nxc4 Qc7 8.
g3 e5 9. dxe5 Nxe5 10. Bf4 Nfd7 11. Bg2 g5 12. Nxe5 gxf4 13. Nxd7 O-O-O 14. Qd4
Qxd7 15. Qxf4 Bg7 16. Nb5 Be5 17. Nxa7+ Kb8 18. Nxc6+ Qxc6 19. Qxe5+ Qd6 20.
Qxd6+ Rxd6 21. O-O Rd2 22. e4 Be6 23. b4 Rc8 24. Rfc1 Rxc1+ 25. Rxc1 Rb2 26. a5
Rxb4 27. Ra1 Ka7 28. e5 Ka6 29. f4 Bc4 30. Be4 h6 31. Kf2 Rb2+ 32. Ke3 Rxh2 33.
Rb1 Bb5 34. Bxb7+ Kxa5 35. Bd5 Rc2 36. Bxf7 Rc3+ 37. Kf2 Bc6 38. Rb3 Rc2+ 39.
Ke3 Ka4 40. Rb6 Ka5 41. Rxc6 Rxc6 42. e6 1-0